[Event "British Rapidplay Championship 2023"]
[Site "Mercure Bradford, Bankfield Hotel"]
[Date "2023.04.16"]
[Round "7.27"]
[White "Wood, Jack"]
[Black "Cradock, Samir"]
[Result "0-1"]
[TimeControl "All moves in 15 minutes plus 10 second increment per move from move 1"]
[WhiteElo "1626"]
[BlackElo "1530"]

1. e4 {[%clk 00:15:18]} {[%emt 00:00:02]} e5 {[%clk 00:15:19]} {[%emt
00:00:01]} 2. Nc3 {[%clk 00:15:25]} {[%emt 00:00:03]} Bc5 {[%clk 00:15:23]}
{[%emt 00:00:05]} 3. Bc4 {[%clk 00:15:32]} {[%emt 00:00:03]} Nf6 {[%clk
00:15:29]} {[%emt 00:00:05]} 4. Nf3 {[%clk 00:15:35]} {[%emt 00:00:07]} d6
{[%clk 00:15:33]} {[%emt 00:00:06]} 5. d4 {[%clk 00:15:10]} {[%emt 00:00:35]}
exd4 {[%clk 00:15:24]} {[%emt 00:00:19]} 6. Nxd4 {[%clk 00:15:17]} {[%emt
00:00:03]} h6 {[%clk 00:15:06]} {[%emt 00:00:28]} 7. Be3 {[%clk 00:15:16]}
{[%emt 00:00:11]} Bb4 {[%clk 00:14:50]} {[%emt 00:00:26]} 8. Bd2 {[%emt
00:04:16]} O-O {[%clk 00:14:19]} {[%emt 00:00:01]} 9. f3 {[%clk 00:11:37]}
{[%emt 00:00:23]} Bxc3 {[%clk 00:12:57]} {[%emt 00:01:33]} 10. Bxc3 {[%clk
00:11:44]} {[%emt 00:00:02]} d5 {[%clk 00:13:05]} {[%emt 00:00:02]} 11. exd5
{[%clk 00:11:07]} {[%emt 00:00:46]} Nxd5 {[%clk 00:12:22]} {[%emt 00:00:54]} 12.
Qd2 {[%clk 00:10:25]} {[%emt 00:00:53]} c5 {[%clk 00:09:54]} {[%emt 00:02:38]}
13. Ne2 {[%clk 00:10:19]} {[%emt 00:00:15]} Qh4+ {[%clk 00:10:00]} {[%emt
00:00:04]} 14. g3 {[%clk 00:08:51]} {[%emt 00:01:39]} Qxc4 {[%clk 00:09:32]}
{[%emt 00:00:37]} 15. b3 {[%clk 00:08:50]} {[%emt 00:00:10]} Qa6 {[%clk
00:08:41]} {[%emt 00:01:01]} 16. Qxd5 {[%clk 00:08:30]} {[%emt 00:00:30]} Re8
{[%clk 00:08:01]} {[%emt 00:00:49]} 17. Qd2 {[%clk 00:07:40]} {[%emt 00:01:01]}
Nc6 {[%clk 00:06:13]} {[%emt 00:01:58]} 18. O-O-O {[%clk 00:07:35]} {[%emt
00:00:15]} Qxa2 {[%clk 00:05:47]} {[%emt 00:00:37]} 19. Bb2 {[%clk 00:06:58]}
{[%emt 00:00:47]} Qa5 {[%clk 00:04:28]} {[%emt 00:01:29]} 20. Nc3 {[%clk
00:06:51]} {[%emt 00:00:17]} Nd4 {[%clk 00:04:09]} {[%emt 00:00:29]} 21. Qf2
{[%clk 00:05:13]} {[%emt 00:01:48]} Bf5 {[%clk 00:03:35]} {[%emt 00:00:44]} 22.
Ne4 {[%clk 00:04:41]} {[%emt 00:00:42]} Bxe4 {[%clk 00:02:46]} {[%emt
00:00:59]} 23. fxe4 {[%clk 00:04:48]} {[%emt 00:00:02]} Rxe4 {[%clk 00:02:46]}
{[%emt 00:00:10]} 24. Rhf1 {[%clk 00:04:22]} {[%emt 00:00:37]} Rf8 {[%clk
00:02:35]} {[%emt 00:00:20]} 25. Bxd4 {[%clk 00:03:55]} {[%emt 00:00:37]} cxd4
{[%clk 00:02:35]} {[%emt 00:00:12]} 26. Kb1 {[%clk 00:03:57]} {[%emt 00:00:08]}
Qb6 {[%clk 00:02:21]} {[%emt 00:00:23]} 27. Rd3 {[%emt 00:00:27]} a5 {[%clk
00:01:57]} {[%emt 00:00:07]} 28. Qf3 {[%clk 00:04:05]} {[%emt 00:00:12]} Re7
{[%clk 00:01:51]} {[%emt 00:00:15]} 29. Rfd1 {[%clk 00:04:02]} {[%emt
00:00:13]} a4 {[%clk 00:01:57]} {[%emt 00:00:05]} 30. Rxd4 {[%clk 00:04:02]}
{[%emt 00:00:10]} axb3 {[%clk 00:01:43]} {[%emt 00:00:24]} 31. cxb3 {[%clk
00:04:09]} {[%emt 00:00:02]} Rfe8 {[%clk 00:01:33]} {[%emt 00:00:19]} 32. Qd3
{[%clk 00:04:10]} {[%emt 00:00:09]} Re3 {[%clk 00:01:29]} {[%emt 00:00:14]} 33.
Qc4 {[%clk 00:01:30]} {[%emt 00:02:50]} Rxb3+ {[%clk 00:01:17]} {[%emt
00:00:22]} 34. Kc2 {[%clk 00:01:29]} {[%emt 00:00:11]} Rb2+ {[%clk 00:01:21]}
{[%emt 00:00:06]} 35. Kd3 {[%clk 00:01:29]} {[%emt 00:00:10]} Qg6+ {[%clk
00:01:17]} {[%emt 00:00:14]} 36. Re4 {[%clk 00:01:14]} {[%emt 00:00:24]} Rxe4
{[%clk 00:00:41]} {[%emt 00:00:47]} 37. Qxe4 {[%clk 00:01:06]} {[%emt
00:00:18]} Qxe4+ {[%clk 00:00:49]} {[%emt 00:00:02]} 38. Kxe4 {[%clk 00:01:15]}
Rxh2 {[%clk 00:00:57]} {[%emt 00:00:02]} 39. Rb1 {[%clk 00:01:23]} {[%emt
00:00:02]} Rf2 {[%clk 00:01:01]} {[%emt 00:00:05]} 40. Rxb7 {[%clk 00:01:30]}
{[%emt 00:00:03]} g5 {[%clk 00:01:06]} {[%emt 00:00:05]} 41. Ke3 {[%clk
00:01:29]} {[%emt 00:00:11]} Rf6 {[%emt 00:00:07]} 42. Rb4 {[%clk 00:01:33]}
{[%emt 00:00:04]} Kg7 {[%clk 00:01:20]} {[%emt 00:00:02]} 43. g4 {[%clk
00:01:41]} {[%emt 00:00:02]} Kg6 {[%clk 00:01:28]} {[%emt 00:00:01]} 44. Re4
{[%clk 00:01:31]} {[%emt 00:00:20]} h5 {[%clk 00:01:36]} {[%emt 00:00:02]} 45.
gxh5+ {[%clk 00:01:32]} {[%emt 00:00:08]} Kxh5 {[%clk 00:01:44]} {[%emt
00:00:02]} 46. Re8 {[%clk 00:01:34]} {[%emt 00:00:08]} Re6+ {[%clk 00:01:34]}
{[%emt 00:00:21]} 47. Rxe6 {[%clk 00:01:39]} {[%emt 00:00:05]} fxe6 {[%clk
00:01:43]} 0-1

[Event "British Rapidplay Championship 2023"]
[Site "Mercure Bradford, Bankfield Hotel"]
[Date "2023.04.16"]
[Round "7.30"]
[White "Wainwright, Charlie"]
[Black "Smith, Jacob"]
[Result "1-0"]
[TimeControl "All moves in 15 minutes plus 10 second increment per move from move 1"]
[WhiteElo "1329"]
[BlackElo "1513"]

1. d4 {[%clk 00:15:18]} {[%emt 00:00:01]} Nf6 {[%clk 00:15:19]} {[%emt
00:00:02]} 2. c4 {[%clk 00:15:27]} {[%emt 00:00:02]} g6 {[%clk 00:15:14]}
{[%emt 00:00:15]} 3. Nc3 {[%clk 00:15:10]} {[%emt 00:00:26]} Bg7 {[%clk
00:15:23]} {[%emt 00:00:02]} 4. e4 {[%clk 00:15:10]} {[%emt 00:00:09]} d6
{[%clk 00:15:30]} {[%emt 00:00:04]} 5. f4 {[%clk 00:15:18]} e5 {[%clk
00:14:47]} {[%emt 00:00:54]} 6. d5 {[%clk 00:14:46]} {[%emt 00:00:41]} Nbd7
{[%clk 00:14:35]} {[%emt 00:00:22]} 7. Nf3 {[%clk 00:14:24]} {[%emt 00:00:32]}
O-O {[%clk 00:13:06]} {[%emt 00:01:40]} 8. Bd3 {[%clk 00:13:58]} {[%emt
00:00:36]} Re8 {[%clk 00:12:59]} {[%emt 00:00:17]} 9. Be3 {[%clk 00:13:40]}
{[%emt 00:00:28]} Ng4 {[%clk 00:12:25]} {[%emt 00:00:44]} 10. Qd2 {[%clk
00:13:13]} {[%emt 00:00:36]} Nxe3 {[%clk 00:12:17]} {[%emt 00:00:19]} 11. Qxe3
{[%clk 00:13:18]} {[%emt 00:00:03]} exf4 {[%clk 00:12:02]} {[%emt 00:00:26]} 12.
Qxf4 {[%clk 00:13:19]} {[%emt 00:00:09]} Ne5 {[%clk 00:12:04]} {[%emt
00:00:08]} 13. Nxe5 {[%clk 00:11:55]} {[%emt 00:01:33]} Bxe5 {[%clk 00:11:26]}
{[%emt 00:00:49]} 14. Qd2 {[%clk 00:11:36]} {[%emt 00:00:29]} Qh4+ {[%clk
00:10:06]} {[%emt 00:01:30]} 15. Qf2 {[%clk 00:11:15]} {[%emt 00:00:31]} Bxc3+
{[%clk 00:09:52]} {[%emt 00:00:25]} 16. bxc3 {[%clk 00:11:21]} {[%emt
00:00:03]} Qxf2+ {[%clk 00:08:59]} {[%emt 00:01:04]} 17. Kxf2 {[%clk 00:11:29]}
{[%emt 00:00:01]} f5 {[%clk 00:08:32]} {[%emt 00:00:38]} 18. exf5 {[%clk
00:11:23]} {[%emt 00:00:15]} gxf5 {[%clk 00:07:40]} {[%emt 00:01:03]} 19. Rhf1
{[%clk 00:11:22]} {[%emt 00:00:10]} Kg7 {[%clk 00:07:27]} {[%emt 00:00:23]} 20.
Kg1 {[%clk 00:11:28]} {[%emt 00:00:05]} Rf8 {[%clk 00:06:54]} {[%emt 00:00:43]}
21. Rf3 {[%clk 00:11:29]} {[%emt 00:00:08]} Rf6 {[%clk 00:05:14]} {[%emt
00:01:50]} 22. Raf1 {[%clk 00:11:32]} {[%emt 00:00:07]} Kg6 {[%clk 00:04:02]}
{[%emt 00:01:22]} 23. g4 {[%clk 00:11:25]} {[%emt 00:00:17]} Bd7 {[%clk
00:02:41]} {[%emt 00:01:31]} 24. gxf5+ {[%clk 00:10:22]} {[%emt 00:01:13]} Kg7
{[%clk 00:02:04]} {[%emt 00:00:48]} 25. Re1 {[%clk 00:09:22]} {[%emt 00:01:10]}
Re8 {[%clk 00:01:55]} {[%emt 00:00:19]} 26. Rfe3 {[%clk 00:08:41]} {[%emt
00:00:50]} Rxe3 {[%clk 00:01:33]} {[%emt 00:00:31]} 27. Rxe3 {[%clk 00:08:49]}
{[%emt 00:00:02]} Kf7 {[%clk 00:00:42]} {[%emt 00:01:01]} 28. Rf3 {[%clk
00:08:48]} {[%emt 00:00:10]} c6 {[%clk 00:00:22]} {[%emt 00:00:31]} 29. Kg2
{[%clk 00:08:54]} {[%emt 00:00:04]} a6 {[%clk 00:00:26]} {[%emt 00:00:07]} 30.
Kg3 {[%clk 00:08:54]} {[%emt 00:00:10]} b5 {[%clk 00:00:31]} {[%emt 00:00:05]}
31. h4 {[%clk 00:08:03]} {[%emt 00:01:00]} Kg7 {[%clk 00:00:20]} {[%emt
00:00:22]} 32. a3 {[%clk 00:08:08]} {[%emt 00:00:05]} cxd5 {[%clk 00:00:17]}
{[%emt 00:00:13]} 33. cxd5 {[%clk 00:08:12]} {[%emt 00:00:05]} Bc8 {[%clk
00:00:25]} {[%emt 00:00:03]} 34. Kg4 {[%clk 00:07:50]} {[%emt 00:00:31]} Rg6+
{[%clk 00:00:17]} {[%emt 00:00:18]} 35. Kh3 {[%clk 00:07:52]} {[%emt 00:00:08]}
Rf6 {[%clk 00:00:26]} {[%emt 00:00:01]} 36. h5 {[%clk 00:07:43]} {[%emt
00:00:19]} Bd7 {[%clk 00:00:35]} {[%emt 00:00:02]} 37. Kh4 {[%clk 00:07:46]}
{[%emt 00:00:07]} Bc8 {[%clk 00:00:15]} {[%emt 00:00:30]} 38. Kg4 {[%clk
00:07:44]} {[%emt 00:00:11]} Bb7 {[%clk 00:00:24]} {[%emt 00:00:02]} 39. c4
{[%clk 00:07:50]} {[%emt 00:00:03]} bxc4 {[%clk 00:00:00]} {[%emt 00:00:24]} 40.
Bxc4 {[%clk 00:07:50]} {[%emt 00:00:02]} {Black lost on time} 1-0

[Event "British Rapidplay Championship 2023"]
[Site "Mercure Bradford, Bankfield Hotel"]
[Date "2023.04.16"]
[Round "7.33"]
[White "Jones, Simon"]
[Black "Convalle, Pietro"]
[Result "0-1"]
[TimeControl "All moves in 15 minutes plus 10 second increment per move from move 1"]
[WhiteElo "1336"]
[BlackElo "1481"]

1. c4 {[%clk 00:15:09]} {[%emt 00:00:02]} e5 {[%clk 00:15:20]} 2. Nc3 {[%clk
00:15:14]} {[%emt 00:00:14]} Nf6 {[%clk 00:15:24]} {[%emt 00:00:05]} 3. Nf3
{[%clk 00:15:18]} {[%emt 00:00:06]} d6 {[%clk 00:15:30]} {[%emt 00:00:05]} 4.
d4 {[%clk 00:15:05]} {[%emt 00:00:23]} exd4 {[%clk 00:13:42]} {[%emt 00:01:57]}
5. Nxd4 {[%clk 00:15:04]} {[%emt 00:00:11]} Be7 {[%clk 00:13:40]} {[%emt
00:00:12]} 6. e4 {[%clk 00:14:39]} {[%emt 00:00:35]} c5 {[%clk 00:12:40]}
{[%emt 00:01:10]} 7. Nf3 {[%clk 00:14:23]} {[%emt 00:00:26]} Nc6 {[%clk
00:12:33]} {[%emt 00:00:18]} 8. Be2 {[%clk 00:13:47]} {[%emt 00:00:46]} O-O
{[%clk 00:12:27]} {[%emt 00:00:15]} 9. O-O {[%clk 00:13:53]} {[%emt 00:00:05]}
a6 {[%clk 00:11:51]} {[%emt 00:00:46]} 10. a3 {[%clk 00:13:50]} {[%emt
00:00:13]} Be6 {[%clk 00:11:32]} {[%emt 00:00:29]} 11. Nd5 {[%clk 00:13:49]}
{[%emt 00:00:11]} Nxe4 {[%clk 00:10:27]} {[%emt 00:01:14]} 12. Nxe7+ {[%clk
00:13:01]} {[%emt 00:00:58]} Qxe7 {[%clk 00:10:34]} {[%emt 00:00:03]} 13. Re1
{[%clk 00:12:40]} {[%emt 00:00:31]} Nf6 {[%clk 00:10:30]} {[%emt 00:00:14]} 14.
Ng5 {[%clk 00:12:06]} {[%emt 00:00:45]} h6 {[%clk 00:08:47]} {[%emt 00:01:52]}
15. Nxe6 {[%clk 00:11:44]} {[%emt 00:00:32]} fxe6 {[%clk 00:08:46]} {[%emt
00:00:11]} 16. Bf3 {[%clk 00:10:28]} {[%emt 00:01:25]} Nd4 {[%clk 00:08:14]}
{[%emt 00:00:43]} 17. Bxb7 {[%clk 00:10:15]} {[%emt 00:00:23]} Qxb7 {[%clk
00:08:20]} {[%emt 00:00:04]} 18. b4 {[%clk 00:10:03]} {[%emt 00:00:23]} Qc7
{[%clk 00:05:34]} {[%emt 00:02:56]} 19. Be3 {[%clk 00:09:31]} {[%emt 00:00:42]}
e5 {[%clk 00:05:19]} {[%emt 00:00:24]} 20. f4 {[%clk 00:08:23]} {[%emt
00:01:17]} cxb4 {[%clk 00:03:45]} {[%emt 00:01:45]} 21. fxe5 {[%clk 00:08:13]}
{[%emt 00:00:20]} dxe5 {[%clk 00:03:40]} {[%emt 00:00:15]} 22. Bxd4 {[%clk
00:07:40]} {[%emt 00:00:43]} exd4 {[%clk 00:03:47]} {[%emt 00:00:03]} 23. Qxd4
{[%clk 00:07:36]} {[%emt 00:00:14]} bxa3 {[%clk 00:03:47]} {[%emt 00:00:10]} 24.
Rxa3 {[%clk 00:07:31]} {[%emt 00:00:14]} Qa7 {[%clk 00:03:50]} {[%emt
00:00:08]} 25. c5 {[%clk 00:07:21]} {[%emt 00:00:21]} Rfd8 {[%clk 00:03:52]}
{[%emt 00:00:06]} 26. Qc4+ {[%clk 00:07:16]} {[%emt 00:00:16]} Kh8 {[%clk
00:03:42]} {[%emt 00:00:20]} 27. Rxa6 {[%clk 00:07:21]} {[%emt 00:00:05]} Qxa6
{[%clk 00:03:43]} {[%emt 00:00:10]} 28. Qf7 {[%clk 00:06:55]} {[%emt 00:00:35]}
Qa7 {[%clk 00:02:24]} {[%emt 00:01:29]} 29. Re7 {[%clk 00:06:24]} {[%emt
00:00:38]} Qxc5+ {[%clk 00:02:32]} {[%emt 00:00:05]} 30. Kf1 {[%clk 00:06:27]}
{[%emt 00:00:04]} Ra1+ {[%clk 00:01:33]} {[%emt 00:01:12]} 31. Ke2 {[%clk
00:06:32]} {[%emt 00:00:05]} Qb5+ {[%clk 00:01:22]} {[%emt 00:00:20]} 32. Kf3
{[%clk 00:06:30]} {[%emt 00:00:13]} Rf1+ {[%clk 00:01:04]} {[%emt 00:00:28]} 33.
Kg3 {[%clk 00:06:21]} {[%emt 00:00:18]} Qg5+ {[%clk 00:01:05]} {[%emt
00:00:09]} 0-1

[Event "British Rapidplay Championship 2023"]
[Site "Mercure Bradford, Bankfield Hotel"]
[Date "2023.04.16"]
[Round "7.34"]
[White "Hutchinson, Stephen A"]
[Black "Bowmer, James"]
[Result "0-1"]
[TimeControl "All moves in 15 minutes plus 10 second increment per move from move 1"]
[WhiteElo "1142"]
[BlackElo "1531"]

1. d4 {[%clk 00:15:16]} {[%emt 00:00:03]} d5 {[%clk 00:15:18]} {[%emt
00:00:02]} 2. Nf3 {[%clk 00:15:23]} {[%emt 00:00:03]} Nc6 {[%clk 00:15:24]}
{[%emt 00:00:04]} 3. Nc3 {[%clk 00:15:22]} {[%emt 00:00:11]} Nf6 {[%clk
00:15:31]} {[%emt 00:00:03]} 4. Bf4 {[%clk 00:15:29]} {[%emt 00:00:03]} a6
{[%clk 00:15:11]} {[%emt 00:00:31]} 5. e3 {[%clk 00:15:36]} {[%emt 00:00:02]}
Bg4 {[%clk 00:15:18]} {[%emt 00:00:04]} 6. h3 {[%clk 00:15:43]} {[%emt
00:00:02]} Bh5 {[%clk 00:15:13]} {[%emt 00:00:14]} 7. Be2 {[%clk 00:15:50]}
{[%emt 00:00:03]} e6 {[%clk 00:15:10]} {[%emt 00:00:14]} 8. O-O {[%clk
00:15:54]} {[%emt 00:00:06]} Bd6 {[%clk 00:15:04]} {[%emt 00:00:16]} 9. Ne5
{[%clk 00:15:50]} {[%emt 00:00:14]} Bxe2 {[%clk 00:15:08]} {[%emt 00:00:07]} 10.
Qxe2 {[%clk 00:15:56]} {[%emt 00:00:03]} O-O {[%clk 00:14:50]} {[%emt
00:00:27]} 11. Qf3 {[%clk 00:15:53]} {[%emt 00:00:14]} Bxe5 {[%clk 00:14:01]}
{[%emt 00:00:59]} 12. Bxe5 {[%clk 00:15:57]} {[%emt 00:00:05]} Nxe5 {[%clk
00:14:00]} {[%emt 00:00:12]} 13. dxe5 {[%clk 00:16:01]} {[%emt 00:00:05]} Nd7
{[%clk 00:14:01]} {[%emt 00:00:10]} 14. Qg3 {[%clk 00:16:07]} {[%emt 00:00:04]}
c6 {[%clk 00:12:33]} {[%emt 00:01:39]} 15. Ne2 {[%clk 00:16:09]} {[%emt
00:00:07]} Qc7 {[%clk 00:12:32]} {[%emt 00:00:11]} 16. f3 {[%clk 00:16:11]}
{[%emt 00:00:07]} Qxe5 {[%clk 00:12:19]} {[%emt 00:00:24]} 17. Qxe5 {[%clk
00:16:06]} {[%emt 00:00:14]} Nxe5 {[%emt 00:00:08]} 18. e4 {[%clk 00:16:11]}
dxe4 {[%clk 00:11:46]} {[%emt 00:00:51]} 19. fxe4 {[%clk 00:16:18]} {[%emt
00:00:02]} Rad8 {[%clk 00:11:52]} {[%emt 00:00:04]} 20. Rad1 {[%clk 00:16:20]}
{[%emt 00:00:07]} Nc4 {[%clk 00:11:39]} {[%emt 00:00:24]} 21. b3 {[%clk
00:16:24]} {[%emt 00:00:05]} Ne3 {[%clk 00:11:05]} {[%emt 00:00:45]} 22. Rc1
{[%clk 00:16:25]} {[%emt 00:00:08]} Nxf1 {[%clk 00:11:11]} {[%emt 00:00:05]} 23.
Kxf1 {[%clk 00:16:32]} {[%emt 00:00:02]} e5 {[%clk 00:10:47]} {[%emt 00:00:36]}
24. Nc3 {[%clk 00:16:35]} {[%emt 00:00:06]} f6 {[%clk 00:10:48]} {[%emt
00:00:09]} 25. Na4 {[%clk 00:16:42]} {[%emt 00:00:03]} Rd2 {[%clk 00:10:17]}
{[%emt 00:00:41]} 26. Ke1 {[%clk 00:16:41]} {[%emt 00:00:09]} Rxg2 {[%clk
00:10:20]} {[%emt 00:00:09]} 27. a3 {[%clk 00:16:41]} {[%emt 00:00:10]} Rg3
{[%clk 00:09:56]} {[%emt 00:00:34]} 28. Rb1 {[%clk 00:16:45]} {[%emt 00:00:05]}
Rxh3 {[%clk 00:10:01]} {[%emt 00:00:06]} 29. c4 {[%clk 00:16:49]} {[%emt
00:00:06]} Re3+ {[%clk 00:09:48]} {[%emt 00:00:21]} 30. Kf2 {[%clk 00:16:55]}
{[%emt 00:00:05]} Rxe4 {[%clk 00:09:50]} {[%emt 00:00:09]} 31. Kf3 {[%clk
00:16:58]} {[%emt 00:00:06]} Rf4+ {[%clk 00:09:53]} {[%emt 00:00:08]} 32. Ke3
{[%clk 00:17:04]} {[%emt 00:00:04]} Re8 {[%clk 00:09:27]} {[%emt 00:00:22]} 33.
Nc5 {[%clk 00:17:08]} {[%emt 00:00:20]} Re7 {[%clk 00:08:57]} {[%emt 00:00:40]}
34. a4 {[%clk 00:17:07]} {[%emt 00:00:10]} h5 {[%clk 00:09:03]} {[%emt
00:00:05]} 35. b4 {[%clk 00:17:08]} {[%emt 00:00:09]} b6 {[%clk 00:08:49]}
{[%emt 00:00:24]} 36. Ne4 {[%clk 00:17:14]} {[%emt 00:00:04]} h4 {[%clk
00:07:51]} {[%emt 00:01:08]} 37. Nf2 {[%clk 00:17:15]} {[%emt 00:00:08]} Rxc4
{[%clk 00:07:53]} {[%emt 00:00:10]} 38. a5 {[%clk 00:16:42]} {[%emt 00:00:42]}
b5 {[%clk 00:07:54]} {[%emt 00:00:09]} 39. Rb2 {[%clk 00:16:36]} {[%emt
00:00:15]} Rd7 {[%clk 00:07:45]} {[%emt 00:00:20]} 40. Ne4 {[%clk 00:16:29]}
{[%emt 00:00:17]} h3 {[%clk 00:06:27]} {[%emt 00:01:28]} 41. Nc5 {[%clk
00:16:21]} {[%emt 00:00:17]} Rdd4 {[%clk 00:06:27]} {[%emt 00:00:10]} 42. Nxa6
{[%clk 00:16:26]} {[%emt 00:00:05]} Rh4 {[%clk 00:06:13]} {[%emt 00:00:25]} 43.
Nc5 {[%clk 00:16:32]} {[%emt 00:00:04]} h2 {[%clk 00:06:17]} {[%emt 00:00:06]}
44. a6 {[%clk 00:16:36]} {[%emt 00:00:06]} h1=Q {[%clk 00:05:24]} {[%emt
00:01:03]} 45. a7 {[%clk 00:16:44]} {[%emt 00:00:03]} Qa1 {[%clk 00:05:31]}
{[%emt 00:00:03]} 46. Nd7 {[%clk 00:16:14]} {[%emt 00:00:39]} Qxa7+ {[%clk
00:05:26]} {[%emt 00:00:15]} 47. Nc5 {[%clk 00:16:18]} {[%emt 00:00:06]} Qa3+
{[%clk 00:05:21]} {[%emt 00:00:16]} 48. Kd3 {[%clk 00:16:16]} {[%emt 00:00:11]}
Qxb2 {[%clk 00:05:27]} {[%emt 00:00:04]} 49. Ke3 {[%clk 00:16:14]} {[%emt
00:00:13]} Rc3+ {[%clk 00:05:14]} {[%emt 00:00:23]} 50. Nd3 {[%clk 00:16:19]}
{[%emt 00:00:05]} Rxd3+ {[%clk 00:05:21]} {[%emt 00:00:54]} 51. Kxd3 {[%clk
00:16:18]} {[%emt 00:00:11]} Qa3+ {[%clk 00:05:21]} {[%emt 00:00:10]} 52. Kd2
{[%clk 00:16:24]} {[%emt 00:00:03]} Rh2+ {[%clk 00:05:28]} {[%emt 00:00:04]} 53.
Kd1 {[%clk 00:16:31]} {[%emt 00:00:03]} Qa1# {[%clk 00:05:24]} {[%emt
00:00:03]} 0-1

[ePGN "0.1;DGT LiveChess/2.2.5"]

[Event "British Rapidplay Championship 2023"]
[Site "Mercure Bradford, Bankfield Hotel"]
[Date "2023.04.16"]
[Round "8.1"]
[White "Donahue, Randolph E"]
[Black "Clark, Robert G"]
[Result "0-1"]
[TimeControl "All moves in 15 minutes plus 10 second increment per move from move 1"]
[WhiteElo "1722"]
[BlackElo "2008"]

1. e4 {[%clk 00:15:17]} {[%emt 00:00:01]} e6 {[%clk 00:15:15]} {[%emt
00:00:06]} 2. Nf3 {[%clk 00:15:24]} {[%emt 00:00:03]} d5 {[%clk 00:15:23]}
{[%emt 00:00:04]} 3. Nc3 {[%clk 00:15:31]} c5 {[%clk 00:15:22]} {[%emt
00:00:11]} 4. exd5 {[%clk 00:15:28]} {[%emt 00:00:13]} exd5 {[%clk 00:15:29]}
{[%emt 00:00:03]} 5. Bb5+ {[%clk 00:14:33]} {[%emt 00:01:05]} Nc6 {[%clk
00:13:18]} {[%emt 00:02:21]} 6. d4 {[%clk 00:13:46]} {[%emt 00:00:57]} Nf6
{[%clk 00:12:32]} {[%emt 00:00:56]} 7. O-O {[%clk 00:13:44]} {[%emt 00:00:12]}
Be7 {[%clk 00:12:19]} {[%emt 00:00:21]} 8. Ne5 {[%clk 00:13:11]} {[%emt
00:00:45]} Bd7 {[%clk 00:11:34]} {[%emt 00:00:55]} 9. Nxd7 {[%clk 00:12:29]}
{[%emt 00:00:52]} Qxd7 {[%clk 00:11:30]} {[%emt 00:00:13]} 10. dxc5 {[%clk
00:10:45]} {[%emt 00:01:55]} O-O {[%clk 00:11:16]} {[%emt 00:00:23]} 11. Bg5
{[%clk 00:10:36]} {[%emt 00:00:19]} Rad8 {[%clk 00:08:48]} {[%emt 00:02:39]} 12.
Re1 {[%clk 00:10:30]} {[%emt 00:00:16]} h6 {[%clk 00:06:31]} {[%emt 00:02:27]}
13. Bh4 {[%clk 00:08:41]} {[%emt 00:01:59]} a6 {[%clk 00:05:30]} {[%emt
00:01:11]} 14. Bd3 {[%clk 00:07:23]} {[%emt 00:01:28]} Rfe8 {[%clk 00:04:58]}
{[%emt 00:00:42]} 15. a3 {[%clk 00:07:18]} {[%emt 00:00:15]} g5 {[%clk
00:03:57]} {[%emt 00:01:11]} 16. Bg3 {[%clk 00:06:18]} {[%emt 00:01:10]} Bxc5
{[%clk 00:04:05]} {[%emt 00:00:01]} 17. Qf3 {[%clk 00:05:51]} {[%emt 00:00:38]}
Kg7 {[%clk 00:03:20]} {[%emt 00:00:55]} 18. Ne2 {[%clk 00:01:59]} {[%emt
00:04:01]} Ne5 {[%clk 00:02:35]} {[%emt 00:00:55]} 19. Bxe5 {[%clk 00:01:54]}
{[%emt 00:00:16]} Rxe5 {[%clk 00:02:44]} {[%emt 00:00:01]} 20. Ng3 {[%clk
00:01:19]} {[%emt 00:00:43]} Rde8 {[%clk 00:01:13]} {[%emt 00:01:42]} 21. Rxe5
{[%clk 00:01:15]} {[%emt 00:00:14]} Rxe5 {[%clk 00:01:21]} {[%emt 00:00:02]} 22.
Nf5+ {[%clk 00:00:56]} {[%emt 00:00:29]} Kf8 {[%clk 00:00:52]} {[%emt
00:00:40]} 23. Nxh6 {[%clk 00:00:53]} {[%emt 00:00:13]} Qe6 {[%clk 00:00:34]}
{[%emt 00:00:28]} 24. h3 {[%emt 00:01:12]} Ne4 {[%emt 00:00:05]} 25. Ng4 {[%emt
00:00:07]} Rf5 {[%emt 00:00:03]} 0-1